000 00715nam a2200241Ia 4500
005 20220317000409.0
008 141031s9999 ck 000 0 spa d
020 _a9788408034551
100 1 _aPosadas Mañé, Carmen de,
_d1953-
245 1 3 _aEl testigo invisible
_cCarmen Posadas
250 _a2a edición
_b6a impresión
300 _a387 páginas
_c23 cm.
650 1 4 _2LEMB
_aNovela uruguaya
650 1 4 _2LEMB
_aAsesinatos
_vNovela
650 1 4 _2LEMB
_aHistoria
_vNovela
942 _2loc
_cBKLIT
264 _aBarcelona
_bPlaneta
_c2013
336 _atexto
_btxt
_2rdacontent
337 _asin mediación
_bn
_2rdamedia
338 _avolumen
_bnc
_2rdacarrier
040 _aCO-BoRNBP
_bspa
_erda
_cCO-BoRNBP
084 _aN POS1
999 _c3927
_d3927